00225nam a2200097Ia 4500008004100000041000800041082001500049100001500064245003900079260000900118240625s9999 xx 000 0 und d aeng a808.20 CHU aCHUGH UDIT aCONSUMER BEHAVIOUR OF CITY COMPOST c2013